000 00942nam a22003017a 4500
003 CHAP
005 20250926110353.0
008 971013s1994 r 00010 d
010 _a9841
011 _a10813
035 _a10051
040 _cCHAP
090 _aTesis
100 1 0 _aGarcía Martínez, Juan
_946271
245 _aEfecto de estabilizantes sobre el desuerado de yogurt batido
260 _aChapingo, Méx. :
_bEl autor,
_c1994
300 _a67 h.
502 _aTesis (Ing. Agroindustrial) -- UACH. Departamento de Ingeniería Agroindustrial
590 _aALEPH
_b10
_c20130110
_lUCH01
_h1225
590 _aBATCH-UPD
_b10
_c20130110
_lUCH01
_h1346
590 _aBATCH-UPD
_b10
_c20130410
_lUCH01
_h0845
590 _aBATCH-UPD
_b10
_c20130914
_lUCH01
_h2000
590 _aCONVERSION
_b10
_c20130109
_lUCH01
_h1306
650 1 4 _aYogurt.
_9123161
901 _aBK
942 _cTESIS
949 _bBC
_cTES
_d-21419
_eTS1
_h26571
_i10051
_si
999 _c9841
_d9841